| 000 | 00581cam a2200181 4500 | ||
|---|---|---|---|
| 001 | WB3525-15 | ||
| 008 | 000000n1999 000 0 eng u | ||
| 035 | _a(Sirsi) u102459 | ||
| 245 | _a12 million to empower tenants. | ||
| 260 | _c1999 | ||
| 490 |
_aDETR News Release _v(597) 23 June 1999(2) |
||
| 520 | _aThe government has allocated 12millon pounds over the next 2 years to help councils and their tenants introduce new tenant participation compacts. | ||
| 650 | _aTENANTS | ||
| 650 | _aSOCIAL HOUSING | ||
| 650 | _aLOCAL AUTHORITIES | ||
| 690 | _aHOUSING | ||
| 942 | _n0 | ||
| 999 |
_c61473 _d61473 |
||